000 00527nam a2200181Ia 4500
005 20250326141655.0
008 250326s9999 xx 000 0 und d
037 _aTextbook
040 _aFMSL
_beng
_cFMSL
041 _aeng
_2eng
084 _aX:8F M9
_qFMSL
100 _aMacdonald G
_9744873
245 0 _aAccounts accounting and accountability
_cMacdonald G; Ruther Ford A B
260 _aEngland
_bEngland, VNR International
_c1989
300 _a233p
942 _cTB
_hX:8F M9
999 _c1291431
_d1291431